Desing Data Hand Book (Record no. 27328)
[ view plain ]
| 000 -LEADER | |
|---|---|
| fixed length control field | 00410nam a22001817a 4500 |
| 003 - CONTROL NUMBER IDENTIFIER | |
| control field | OSt |
| 005 - DATE AND TIME OF LATEST TRANSACTION | |
| control field | 20220117135759.0 |
| 008 - FIXED-LENGTH DATA ELEMENTS--GENERAL INFORMATION | |
| fixed length control field | 220117b |||||||| |||| 00| 0 eng d |
| 020 ## - INTERNATIONAL STANDARD BOOK NUMBER | |
| International Standard Book Number | 8123901623 |
| 040 ## - CATALOGING SOURCE | |
| Transcribing agency | HU |
| 082 ## - DEWEY DECIMAL CLASSIFICATION NUMBER | |
| Classification number | 620.0042 |
| 100 ## - MAIN ENTRY--PERSONAL NAME | |
| Personal name | Mahadevan K. |
| 9 (RLIN) | 28216 |
| 245 ## - TITLE STATEMENT | |
| Title | Desing Data Hand Book |
| 250 ## - EDITION STATEMENT | |
| Edition statement | 3ed |
| 260 ## - PUBLICATION, DISTRIBUTION, ETC. | |
| Place of publication, distribution, etc. | New Delhi |
| Name of publisher, distributor, etc. | New Delhi |
| 300 ## - PHYSICAL DESCRIPTION | |
| Type of unit | 453 |
| 942 ## - ADDED ENTRY ELEMENTS (KOHA) | |
| Source of classification or shelving scheme | Dewey Decimal Classification |
| Koha item type | Books like text book referance book |
| Suppress in OPAC | No |
| Withdrawn status | Lost status | Source of classification or shelving scheme | Damaged status | Not for loan | Home library | Current library | Shelving location | Date acquired | Total Checkouts | Full call number | Barcode | Date last seen | Copy number | Price effective from | Koha item type |
|---|---|---|---|---|---|---|---|---|---|---|---|---|---|---|---|
| Dewey Decimal Classification | IoT Library | IoT Library | General Stacks | 01/17/2022 | 620.0042/MAH/1987 | IOTL0005722 | 01/17/2022 | 1 | 01/17/2022 | Books like text book referance book | |||||
| Dewey Decimal Classification | IoT Library | IoT Library | General Stacks | 01/17/2022 | 620.0042/MAH/1987 | IOTL0005723 | 01/17/2022 | 2 | 01/17/2022 | Books like text book referance book | |||||
| Dewey Decimal Classification | IoT Library | IoT Library | General Stacks | 01/17/2022 | 620.0042/MAH/1987 | IOTL0005724 | 01/17/2022 | 3 | 01/17/2022 | Books like text book referance book | |||||
| Dewey Decimal Classification | IoT Library | IoT Library | General Stacks | 01/17/2022 | 620.0042/MAH/1987 | IOTL0005725 | 01/17/2022 | 4 | 01/17/2022 | Books like text book referance book | |||||
| Dewey Decimal Classification | IoT Library | IoT Library | General Stacks | 01/17/2022 | 620.0042/MAH/1987 | IOTL0005726 | 01/17/2022 | 5 | 01/17/2022 | Books like text book referance book | |||||
| Dewey Decimal Classification | IoT Library | IoT Library | General Stacks | 01/17/2022 | 620.0042/MAH/1987 | IOTL0005727 | 01/17/2022 | 6 | 01/17/2022 | Books like text book referance book | |||||
| Dewey Decimal Classification | IoT Library | IoT Library | General Stacks | 01/17/2022 | 620.0042/MAH/1987 | IOTL0005728 | 01/17/2022 | 7 | 01/17/2022 | Books like text book referance book |